Allpanchis Phuturinqa : (Record no. 21826)

000 -CABECERA
fixed length control field 01681nam a22002657a 4500
003 - IDENTIFICADOR DEL NÚMERO DE CONTROL
control field AR-CdUCM
008 - DATOS DE LONGITUD FIJA--INFORMACIÓN GENERAL
fixed length control field 190425b ||||| |||| 00| 0 spa d
040 ## - FUENTE DE LA CATALOGACIÓN
Agencia/entidad que catalogó originalmente la obra MUNICIPALIDAD PROVINCIAL DEL CUSCO
Entidad que transcribió la catalogación BIBLIOTECA MUNICIPAL DEL CUSCO
082 ## - NÚMERO DE LA CLASIFICACIÓN DECIMAL DEWEY
No. de Clasificación Rev.Allp/N°71/2008
110 ## - ENTRADA PRINCIPAL--NOMBRE DE ENTIDAD CORPORATIVA
Nombre de la institución, jurisdicción como entrada principal Instituto de Pastoral Andina
9 (RLIN) 12766
245 ## - MENCIÓN DE TÍTULO
Título Allpanchis Phuturinqa :
Resto del título Revista Anual /
260 ## - PUBLICACIÓN, DISTRIBUCIÓN, ETC.
Lugar de publicación, distribución, etc. Lima :
Nombre de la editorial, distribuidor, etc. Lettera Gráfica,
Fecha de publicación, distribución, etc. 2008.
300 ## - DESCRIPCIÓN FÍSICA
Nº de Páginas Extensión 276 páginas. :
Dimensiones 20 cm.
440 ## - MENCIÓN DE SERIE/PUNTO DE ACCESO ADICIONAL--TÍTULO
Título Revista del Instituto de Pastoral Andina Cusco
Número de la parte/sección de una obra Año XXXIX, 2008,N°71. Primer semestre.
9 (RLIN) 46285
505 ## - NOTA DE CONTENIDO CON FORMATO
Nota de contenido formateada Contenido: El aparato de gobierno y justicia indiano a partir de las reformas avandinas. Rafael Diego Fernández Sotelo. -- La cultura jurídica en el Perú virreinal. José de la Puente Brunke. -- Los oidores de la Real Audiencia de Lima en la segunda mitad del siglo XVI. Sergio Angeli. -- Entre la vara y los indios la sociedad de Charcas frente a parejas imposibles 1560-1580. Ana María Presta. -- Entre el pecado y delito la administración de la justicia y los límites documentales para el estudio de la sodomía en el virreinato del Perú siglos XVI-XVII. Fernanda Molina. -- La liturgia penal en la justicia colonial. Carlos Alberto Garcés. -- Cárcel y presidios en Córdoba del Tucumán siglo XVIII. Marcela Aspell.
650 ## - PUNTO DE ACCESO ADICIONAL DE MATERIA--TÉRMINO DE MATERIA
Descriptor Sistema jurídico
9 (RLIN) 4295
650 ## - PUNTO DE ACCESO ADICIONAL DE MATERIA--TÉRMINO DE MATERIA
Descriptor Justicia colonial
9 (RLIN) 46286
650 ## - PUNTO DE ACCESO ADICIONAL DE MATERIA--TÉRMINO DE MATERIA
Descriptor Administración de la justicia
9 (RLIN) 46287
700 ## - PUNTO DE ACCESO ADICIONAL--NOMBRE DE PERSONA
Nombre Personal Fernández Sotelo, Rafael Diego
9 (RLIN) 46288
700 ## - PUNTO DE ACCESO ADICIONAL--NOMBRE DE PERSONA
Nombre Personal De la Puente Brunke, José
9 (RLIN) 46289
700 ## - PUNTO DE ACCESO ADICIONAL--NOMBRE DE PERSONA
Nombre Personal Aspell, Marcela
9 (RLIN) 46290
942 ## - ELEMENTOS DE PUNTO DE ACCESO ADICIONAL (KOHA)
Fuente de clasificación
Tipo de item Revistas cusqueñas
945 ## - PROCESAMIENTO DE INFORMACIÓN LOCAL (OCLC)
Catalogador rac
Holdings
Estado de retiro (separado) Fuente de clasificación o esquema de estanterías Estado dañado Ubicación Sala donde se ubica Nombre de la colección Fecha de adquisición o compra Costo, precio normal en soles Signatura topográfica Código de Barras Última vez visto (Koha) Tipo de ítem (Koha)
No     Sala Hemeroteca Sala Hemeroteca Book Cart 2021-08-18 10.00 Rev.Allp/N°71/2008 REVC000298 2021-08-18 Revistas cusqueñas

Powered by Koha